Vīra Viṭhṭhalbhāī. (Record no. 59693)

MARC details
000 -LEADER
fixed length control field 00539cam a22002171 4500
001 - CONTROL NUMBER
control field sa 64006430
003 - CONTROL NUMBER IDENTIFIER
control field DLC
005 - DATE AND TIME OF LATEST TRANSACTION
control field 20260227112039.0
008 - FIXED-LENGTH DATA ELEMENTS--GENERAL INFORMATION
fixed length control field 890816s1962 ii 000 0 gujo
010 ## - LIBRARY OF CONGRESS CONTROL NUMBER
LC control number sa 64006430
035 ## - SYSTEM CONTROL NUMBER
System control number (OCoLC)20185477
040 ## - CATALOGING SOURCE
Original cataloging agency DLC
Transcribing agency WaU
Modifying agency DLC
042 ## - AUTHENTICATION CODE
Authentication code premarc
050 00 - LIBRARY OF CONGRESS CALL NUMBER
Classification number DS481.P36
Item number P33
100 1# - MAIN ENTRY--PERSONAL NAME
Personal name Patel, I. J.
245 10 - TITLE STATEMENT
Title Vīra Viṭhṭhalbhāī.
260 ## - PUBLICATION, DISTRIBUTION, ETC.
Date of publication, distribution, etc. [1962]
300 ## - PHYSICAL DESCRIPTION
Extent 6, 158 p.
Dimensions 19 cm.
500 ## - GENERAL NOTE
General note In Gujarati.
600 10 - SUBJECT ADDED ENTRY--PERSONAL NAME
Personal name Patel, Vithalbhai Jhaverbhai,
Dates associated with a name 1873-1933.

No items available.

Powered by Koha